00190 a2200073 450000100060000010000180000624500590002426000330008353261 aStephens, H S aWind energy systesms papers of international sympisume acranfieldbBhra Publishingc